000 00602nam a2200229Ia 4500
003 OSt
005 20220928103735.0
006 a|||||r|||| 00| 0
007 ta
008 220927b |||||||| |||| 00| 0 eng d
024 _a34945
037 _cTheseses
040 _aSDCL
_cSDCL
_beng
041 _2eng
_aeng
082 _aT4.1(X)'N8, M5
100 _aHommadi A H
_9406858
245 0 _aHigher education in third world.
260 _aDelhi
_bBalaji Enterprises
_c1985
300 _a240p.
_ccm.
942 _hT4.1(X)'N8, M5
_cDIS
_2CC
999 _c722390
_d722390